00257pam a2200109 a 4500020000500000041000500005082001600010100001500026245003800041260005200079300001600131 c h a686.22bKAR aHuang Dan. aNew TypographyhTextual Documents aHong-Kong:bArt power Internation Hong- Kong. a279:bHard.